International Business Competing in the Global Marketplace (Record no. 3155)

MARC details
000 -LEADER
fixed length control field 00358nam a2200145Ia 4500
008 - FIXED-LENGTH DATA ELEMENTS--GENERAL INFORMATION
fixed length control field 191201s2008 xx 000 0 und d
082 ## - DEWEY DECIMAL CLASSIFICATION NUMBER
Classification number 658.18
Item number HII
100 ## - MAIN ENTRY--PERSONAL NAME
Personal name HILL, Charles
245 #0 - TITLE STATEMENT
Title International Business Competing in the Global Marketplace
250 ## - EDITION STATEMENT
Edition statement 5th
260 ## - PUBLICATION, DISTRIBUTION, ETC. (IMPRINT)
Place of publication, distribution, etc N.Delhi
Name of publisher, distributor, etc TMH
Date of publication, distribution, etc 2008
300 ## - PHYSICAL DESCRIPTION
Extent 942
650 ## - SUBJECT ADDED ENTRY--TOPICAL TERM
Topical term or geographic name as entry element MBA
942 ## - ADDED ENTRY ELEMENTS (KOHA)
Source of classification or shelving scheme Dewey Decimal Classification
Koha item type Text Books
Holdings
Withdrawn status Lost status Source of classification or shelving scheme Damaged status Not for loan Collection code Home library Current library Date acquired Source of acquisition Cost, normal purchase price Bill Number Total Checkouts Full call number Acc. no. / Barcode Date last seen Bill Date Koha item type Date last borrowed Public note
    Dewey Decimal Classification     MBA PIET C-LIBRARY PIET C-LIBRARY 14/08/2006 J B C, New Delhi 425.00 724   658.18 HII 7472 04/12/2019 30/07/2008 Text Books    
    Dewey Decimal Classification     MBA PIET C-LIBRARY PIET C-LIBRARY 14/08/2006 J B C, New Delhi 425.00 724   658.18 HII 7473 04/12/2019 30/07/2008 Text Books    
    Dewey Decimal Classification     MBA PIET C-LIBRARY PIET C-LIBRARY 14/08/2006 J B C, New Delhi 425.00 724   658.18 HII 7474 04/12/2019 30/07/2008 Text Books    
    Dewey Decimal Classification     MBA PIET C-LIBRARY PIET C-LIBRARY 14/08/2006 J B C, New Delhi 425.00 724   658.18 HII 7475 04/12/2019 30/07/2008 Text Books    
    Dewey Decimal Classification     MBA PIET C-LIBRARY PIET C-LIBRARY 14/08/2006 J B C, New Delhi 425.00 724 2 658.18 HII 7476 25/11/2023 30/07/2008 Text Books 22/01/2022 .
    Dewey Decimal Classification     MBA PIET C-LIBRARY PIET C-LIBRARY 14/08/2006 J B C, New Delhi 425.00 724   658.18 HII 7477 04/12/2019 30/07/2008 Text Books    
    Dewey Decimal Classification     MBA PIET C-LIBRARY PIET C-LIBRARY 14/08/2006 J B C, New Delhi 425.00 724   658.18 HII 7478 04/12/2019 30/07/2008 Text Books    
    Dewey Decimal Classification     MBA PIET C-LIBRARY PIET C-LIBRARY 14/08/2006 J B C, New Delhi 425.00 724 1 658.18 HII 7479 06/12/2021 30/07/2008 Text Books 28/08/2021  

Design & Developed by: PIET Central Library
R70 Miles Stone Pattikalyana Samalkha Panipat 132102
mail ID :- [email protected], Phone No:- 0180-2569700 Ex.216